Online
Catalog

Eight treasured stories, / (Record no. 17849)

MARC details
000 -CABECERA
campo de control de longitud fija 01028cam a22002651 4500
001 - NÚMERO DE CONTROL
campo de control 000018328
005 - FECHA Y HORA DE LA ÚLTIMA TRANSACCIÓN
campo de control 20200929165446.0
008 - DATOS DE LONGITUD FIJA--INFORMACIÓN GENERAL
campo de control de longitud fija 761020s1950 ilua j 000 1 eng
035 ## - NÚMERO DE CONTROL DEL SISTEMA
Número de control de sistema (DLC) 50006722
035 ## - NÚMERO DE CONTROL DEL SISTEMA
Número de control de sistema (OCoLC)2516218
040 ## - FUENTE DE LA CATALOGACIÓN
Centro catalogador/agencia de origen DO-SdBNP
Centro/agencia transcriptor TxViHU
Centro/agencia modificador OCoLC
-- DLC
-- BNPHU
050 00 - SIGNATURA TOPOGRÁFICA DE LA BIBLIOTECA DEL CONGRESO
Número de clasificación PZ5.S23
Número de documento/Ítem Ei
082 ## - NÚMERO DE LA CLASIFICACIÓN DECIMAL DEWEY
Número de clasificación xxxxxx
Número de documento/Ítem E347t
049 ## - FONDOS LOCALES (OCLC)
Fondos de biblioteca BNGR
245 00 - MENCIÓN DE TÍTULO
Título Eight treasured stories, /
Mención de responsabilidad, etc. adaptación Mary Yost Sandrus , Gertrude Moderow , Ernest C. Noyes ; ilustración Fritz Kredel.
260 ## - PUBLICACIÓN, DISTRIBUCIÓN, ETC.
Lugar de publicación, distribución, etc. Chicago :
Nombre del editor, distribuidor, etc. Scott, Foresman,
Fecha de publicación, distribución, etc. 1950.
300 ## - DESCRIPCIÓN FÍSICA
Extensión v, 287 p. :
Otras características físicas il. ;
Dimensiones 22 cm.
505 0# - NOTA DE CONTENIDO CON FORMATO
Nota de contenido con formato A Christmas carol.--The legend of Sleepy Hollow.--Rip Van Winkle.--Ulysses and the cyclops.--The necklace.--The golden touch.--The jumping frog.--The lady or the tiger.
650 #0 - PUNTO DE ACCESO ADICIONAL DE MATERIA--TÉRMINO DE MATERIA
Término de materia o nombre geográfico como elemento de entrada Children's stories.
9 (RLIN) 39695
700 1# - PUNTO DE ACCESO ADICIONAL--NOMBRE DE PERSONA
Nombre de persona Yost Sandrus, Mary
9 (RLIN) 39696
700 1# - PUNTO DE ACCESO ADICIONAL--NOMBRE DE PERSONA
Nombre de persona Moderow, Gertrude
9 (RLIN) 39697
700 1# - PUNTO DE ACCESO ADICIONAL--NOMBRE DE PERSONA
Nombre de persona Noyes, Ernest C.
9 (RLIN) 39698
700 1# - PUNTO DE ACCESO ADICIONAL--NOMBRE DE PERSONA
Nombre de persona Kredel, Fritz,
Término indicativo de función/relación il.
9 (RLIN) 39699
910 ## - DATOS DE OPCIÓN DEL USUARIO (OCLC)
Datos de opción del usuario Catalogación por derivada / LC
Holdings
Estado de retiro Estado de pérdida Restricciones de uso No para préstamo Código de colección Localización permanente Ubicación/localización actual Ubicación en estantería Fecha de adquisición Número de inventario Total de préstamos Signatura topográfica completa Código de barras Fecha visto por última vez Precio válido a partir de Tipo de ítem Koha
      Excluido de préstamo Monografías: Libros y Folletos General General En catalogación 29.04.2010 LF1   xxxxxx E347t 18328-10 25.06.2020 25.06.2020 No se presta

Powered by Koha